00554cam a2200169u 450000100100000000500170001000800410002701000130006804000240008105000240010510000330012924000510016224500200021326000670023330000410030070000430034100001958720200929170052.0840418s1938 xx 000 0 spa  a40021491 aDO-SdBNPcCarPdDLC00aPQ2619.A5bR74 19381 aJammes, Francis,d1868-1938.00aRosaire au soleil. Spanish. [from old catalog]10aRosario al sol. aBuenos Aires-Mexico, :bEspasa-Calpe argentina, s.a.,c[1938]. a4 p.l., 11-177 p., :b1 l. ;c18 cm.1 aDonato, Magda, [from old catalog]etr.